Resultados y lecciones en lupino dulce: proyectos de innovación en IX región de la Araucanía, valorización a noviembre de 2007

محفوظ في:
التفاصيل البيبلوغرافية
مؤلف مشترك: Fundación para la Innovación Agraria (مؤلف)
التنسيق: كتاب
اللغة:الإسبانية
منشور في: Santiago Ministerio de Agricultura 2007
سلاسل:Experiencias de Innovación para el Emprendimiento Agrario. Cultivos y Cereales-Leguminosas, 3
الموضوعات:
الوسوم: إضافة وسم
لا توجد وسوم, كن أول من يضع وسما على هذه التسجيلة!

MARC

LEADER 00000nam a2200000 a 4500
001 UCI6404
003 CL-VaPUC
008 080509e20070000CL |||||||||||||||||spa|d
020 |a 9789567874682 
082 0 4 |a 633.36  |b FUN  |2 21 
110 2 |a Fundación para la Innovación Agraria  |e author  |9 529305 
245 1 0 |a Resultados y lecciones en lupino dulce: proyectos de innovación en IX región de la Araucanía, valorización a noviembre de 2007 
300 |a 31 p 
942 |c BK 
945 |d 20080509 00:00:00  |a rbrito 
260 |a Santiago  |b Ministerio de Agricultura  |c 2007 
650 7 |a LUPINO DULCE  |2 CL-VaPUC  |9 457702 
650 0 |a Cultivo  |9 264268 
650 0 |a Alimentos para peces  |9 490152 
583 |a last modification  |c 20190124 12:20:29  |k Rodrigo Vera 
490 0 |a Experiencias de Innovación para el Emprendimiento Agrario. Cultivos y Cereales-Leguminosas, 3 
999 |c 329919  |d 329917 
952 |0 0  |1 0  |4 0  |6 633_360000000000000_FUN_2007  |7 0  |8 A  |9 415130  |a BIBAGR  |b BIBAGR  |d 2019-11-22  |i 443692K  |o 633.36 FUN 2007  |p 443692K  |r 2025-01-20  |w 2019-11-22  |y BK  |k AGR